A exploração do espaço (Registo nº 3372)
[ vista simples ]
| 000 -Etiqueta do registo | |
|---|---|
| Cabeçalho | 00821nam0a22002891 4500 |
| 005 - Identificador da versão | |
| Campo de controlo | 20240813122000.0 |
| 010 ## - Número internacional normalizado dos livros (ISBN) | |
| Número (ISBN) | 9722111272 |
| 021 ## - Número do Depósito Legal | |
| Código do país | PT |
| Número | 111497/97 |
| 100 ## - Dados gerais de processamento | |
| Dados gerais de processamento | 20010619d1997 da y0pory5003 ba |
| 102 ## - Pais de publicação ou produção | |
| País de publicação | Portugal |
| 101 1# - Língua de publicação | |
| Língua do texto, banda sonora, etc. | Português |
| Língua do documento no original | Inglês |
| 106 ## - Campo de dados codificados: material textual | |
| Dados codificados do material textual | r |
| 105 ## - Campo de dados codificados: livros | |
| Dados codificados dos livros | a z 001yy |
| 215 ## - Descrição física | |
| Indicação específica da natureza do documento e extensão da espécie | 48 p. |
| Outras indicações físicas | il. |
| Dimensões | 29 cm |
| 200 1# - Titulo e menção de responsabilidade | |
| Título próprio | A exploração do espaço |
| Primeira menção de responsabilidade | David Shayler |
| Outras menções de responsabilidade | trad. Luís Manuel de Campos Dionísio |
| 225 2# - Colecção | |
| Título próprio da colecção | Ver por dentro |
| 210 ## - Publicação, Distribuição, etc. | |
| Lugar da edição, distribuição, etc. | Lisboa |
| Nome do editor, distribuidor, etc. | Caminho |
| Data da publicação, distribuição, etc. | D.L. 1997 |
| 300 ## - Notas gerais | |
| Texto da nota | Com 4 transparências |
| 606 ## - Nome comum usado como assunto | |
| Número de registo de entrada de autoridade | 0002229 |
| Palavra de ordem | Ciências exactas |
| Subdivisão de assunto | Astronomia |
| 675 ## - Classificação Decimal Universal (CDU) | |
| Notação | 52 |
| Edição | 2ª |
| Língua da edição | por |
| 702 #1 - Nome de autor-pessoa física (responsabilidade secundária) | |
| Número de registo de entrada de autoridade | 0002676 |
| Palavra de ordem | Dionísio |
| Outra parte do nome não tomada para palavra de ordem | Luís Manuel de Campos |
| Código de função | Tradutor |
| 700 #1 - Nome de autor-pessoa física (responsabilidade principal) | |
| Número de registo de entrada de autoridade | 0002675 |
| Palavra de ordem | Shayler |
| Outra parte do nome não tomada para palavra de ordem | David |
| 942 ## - Elementos de entrada adicionados (Koha) | |
| Tipo de item no Koha | Livro |
| Situação do levantamento | Origin of item (home branch) (coded) | Biblioteca de empréstimo | Código de barras | Cota | Circulation type (not for loan) | Tipo de documento | Nota do exemplar | Damaged status |
|---|---|---|---|---|---|---|---|---|
| Biblioteca Escolar da Coca Maravilhas | Biblioteca Escolar da Coca Maravilhas | BECM5059/01 | 5AST SHA | Livro | Sem mensagem |
